[Event "Women's Speed Chess Q2"]
[Site "chess.com INT"]
[Date "2021.05.29"]
[Round "9"]
[White "Ovezdurdiyeva, Jemal"]
[Black "Girya, Olga"]
[Result "0-1"]
[WhiteTitle "WFM"]
[BlackTitle "WGM"]
[WhiteElo "2061"]
[BlackElo "2451"]
[WhiteFideId "14001888"]
[BlackFideId "4195752"]
[EventDate "2021.05.29"]

1. d4 d5 2. c4 c6 3. Nf3 Nf6 4. Nc3 e6 5. e3 Nbd7 6. Bd3 dxc4 7. Bxc4 b5 8. Bd3
b4 9. Na4 c5 10. O-O Bb7 11. dxc5 Bxc5 12. Nxc5 Nxc5 13. Bb5+ Ke7 14. Nd4 Qb6
15. Bd2 a5 16. a3 bxa3 17. bxa3 Rhd8 18. Rb1 Qd6 19. Qc2 Ng4 20. f4 Be4 21. Qd1
Bxb1 22. Nc6+ Kf8 23. Nxd8 Rxd8 24. Qxg4 Bf5 25. Qf3 Qxd2 26. Bc6 Rd3 27. Kh1
Rxe3 28. Qd1 Qxd1 29. Rxd1 Rxa3 30. h3 Be4 31. Bb5 Ke7 32. Rc1 Nd3 33. Rc7+ Kf6
34. Rd7 Nxf4 0-1

[Event "Women's Speed Chess Q2"]
[Site "chess.com INT"]
[Date "2021.05.29"]
[Round "9"]
[White "Ambartsumova, Karina"]
[Black "Tokhirjonova, Gulrukhbegim"]
[Result "1-0"]
[WhiteTitle "IM"]
[BlackTitle "WGM"]
[WhiteElo "2382"]
[BlackElo "2350"]
[WhiteFideId "4166299"]
[BlackFideId "14203626"]
[EventDate "2021.05.29"]

1. c4 Nf6 2. Nf3 e6 3. Nc3 d5 4. e3 c5 5. cxd5 exd5 6. d4 cxd4 7. Nxd4 Nc6 8.
Be2 Bd6 9. O-O O-O 10. b3 Nxd4 11. Qxd4 Qc7 12. Nb5 Bxh2+ 13. Kh1 Qe5 14. g3
Bxg3 15. fxg3 Qxg3 16. Qf4 Qh3+ 17. Qh2 Qd7 18. Bb2 Ne4 19. Rg1 f6 20. Nc7 Rb8
21. Rad1 Qf7 22. Nxd5 Be6 23. Nf4 b5 24. Bh5 Qe7 25. Bf3 Bf5 26. Nd5 Qb7 27.
Nxf6+ Rxf6 28. Bxf6 g6 29. Be5 Rf8 30. Rdf1 Rd8 31. Bd4 Rc8 32. Qe5 1-0

[Event "Women's Speed Chess Q2"]
[Site "chess.com INT"]
[Date "2021.05.29"]
[Round "9"]
[White "Zaksaite, Salomeja"]
[Black "Dauletova, Gulmira"]
[Result "0-1"]
[WhiteTitle "WIM"]
[BlackTitle "WGM"]
[WhiteElo "2202"]
[BlackElo "2285"]
[WhiteFideId "12801496"]
[BlackFideId "13702971"]
[EventDate "2021.05.29"]

1. g3 d5 2. Bg2 c6 3. b3 e5 4. Bb2 Bd6 5. e3 Nd7 6. Ne2 Ngf6 7. h3 Qe7 8. O-O
O-O 9. d3 Re8 10. Nd2 b6 11. a3 Bb7 12. b4 a5 13. c3 axb4 14. axb4 b5 15. Nb3 c5
16. Na5 Rab8 17. Nxb7 Rxb7 18. bxc5 Nxc5 19. Ba3 e4 20. Nd4 g6 21. Bxc5 Bxc5 22.
Ra5 Qd7 23. Qb1 Reb8 24. Kh2 Bxd4 25. cxd4 Qc6 26. Rc1 Qb6 27. Qb4 exd3 28. Bf1
Ne4 29. Bxd3 Nxf2 30. Bxb5 Nd3 0-1

[Event "Women's Speed Chess Q2"]
[Site "chess.com INT"]
[Date "2021.05.29"]
[Round "9"]
[White "Secopito, Catherine"]
[Black "Obregon Garcia, Roxangel"]
[Result "0-1"]
[WhiteTitle "WIM"]
[BlackTitle "WIM"]
[WhiteElo "2075"]
[BlackElo "2167"]
[WhiteFideId "5202744"]
[BlackFideId "3520420"]
[EventDate "2021.05.29"]

1. d4 d5 2. c4 c6 3. Nc3 Nf6 4. Nf3 e6 5. e3 Nbd7 6. Bd3 dxc4 7. Bxc4 b5 8. Bd3
a6 9. e4 c5 10. e5 cxd4 11. exf6 dxc3 12. fxg7 Bxg7 13. Rb1 Nc5 14. Bc2 Qxd1+
15. Kxd1 Bb7 16. Ke2 Bd5 17. b3 O-O 18. Be3 Rac8 19. Rbd1 Be4 20. Rc1 Rfd8 21.
Rhd1 Bxc2 22. Rxd8+ Rxd8 23. Rxc2 Ne4 24. Ne1 a5 25. f3 Nd6 26. Nd3 b4 27. Bb6
Ra8 28. g4 Nb5 29. Ne1 Bd4 0-1

[Event "Women's Speed Chess Q2"]
[Site "chess.com INT"]
[Date "2021.05.29"]
[Round "9"]
[White "Antonova, Nadezhda"]
[Black "Smirnova, Ekaterina"]
[Result "1/2-1/2"]
[WhiteTitle "WFM"]
[BlackTitle "WIM"]
[WhiteElo "1877"]
[BlackElo "2240"]
[WhiteFideId "14700182"]
[BlackFideId "4110943"]
[EventDate "2021.05.29"]

1. b3 d5 2. Bb2 Nf6 3. g3 Bf5 4. Bg2 e6 5. Nf3 Be7 6. O-O O-O 7. d3 h6 8. Nbd2
Nbd7 9. Re1 c6 10. e4 Bh7 11. Ne5 dxe4 12. Nxe4 Nxe5 13. Bxe5 Nxe4 14. dxe4 Qxd1
15. Raxd1 Rfd8 16. Bc7 Rxd1 17. Rxd1 Kf8 18. Kf1 Ke8 19. Ke2 f6 20. Ba5 b6 21.
Bc3 Rd8 22. Rd3 Rxd3 23. Kxd3 Kd7 24. f4 a5 25. Bd4 Kc7 26. c4 Bd6 27. Ke3 e5
28. Bb2 b5 29. cxb5 cxb5 30. Bf1 Kb6 31. fxe5 Bxe5 32. Bc1 Bg8 33. Bd3 a4 34.
Bc2 axb3 35. Bxb3 Bxb3 36. axb3 h5 37. Bd2 Kc5 38. Ba5 Bd4+ 39. Kd3 Bg1 40. h3
Bh2 41. g4 hxg4 42. hxg4 Be5 43. Bd2 Bh2 44. Be1 Be5 45. Bd2 Bh2 46. Be1 Be5 47.
Bd2 1/2-1/2

[Event "Women's Speed Chess Q2"]
[Site "chess.com INT"]
[Date "2021.05.29"]
[Round "9"]
[White "Tarasova, Viktoriya"]
[Black "Samaganova, Alexandra"]
[Result "1-0"]
[WhiteTitle "WIM"]
[BlackTitle "WFM"]
[WhiteElo "2226"]
[BlackElo "1993"]
[WhiteFideId "4175840"]
[BlackFideId "13800221"]
[EventDate "2021.05.29"]

1. d4 Nf6 2. c4 e6 3. Nc3 Bb4 4. Nf3 b6 5. e3 Bb7 6. Bd3 O-O 7. O-O Bxc3 8. bxc3
Ne4 9. Ba3 d6 10. Qc2 f5 11. d5 exd5 12. Nd4 Qf6 13. f3 Nc5 14. Bxf5 g6 15. Bd3
Nxd3 16. Qxd3 c5 17. Nb5 dxc4 18. Qxd6 Nc6 19. Qd5+ Qf7 20. Qxf7+ Rxf7 21. Nd6
Rd7 22. Ne4 Kg7 23. Rab1 Rad8 24. h3 Ne5 25. Ng5 Kf6 26. h4 h6 27. Nh3 Rd2 28.
Ra1 Rc2 29. e4 Rdd2 30. Nf4 g5 31. hxg5+ hxg5 32. Bc1 gxf4 33. Bxd2 Rxd2 34.
Rfd1 Rxd1+ 35. Rxd1 Nd3 36. Kh2 a6 37. g3 b5 38. gxf4 Nxf4 39. Kg3 Nd3 40. Rh1
Bc8 41. Rh6+ Kg7 42. Rc6 Be6 43. Rxe6 b4 44. cxb4 cxb4 45. Re7+ Kf6 46. Rc7 c3
47. f4 Nb2 48. Kf3 Na4 49. Rc6+ Ke7 50. Ke2 Nb2 51. Rxa6 Nc4 52. Kd3 Na3 53.
Rxa3 bxa3 54. Kxc3 1-0

[Event "Women's Speed Chess Q2"]
[Site "chess.com INT"]
[Date "2021.05.29"]
[Round "9"]
[White "Papp, Petra"]
[Black "Narva, Mai"]
[Result "1-0"]
[WhiteTitle "WGM"]
[BlackTitle "WIM"]
[WhiteElo "2336"]
[BlackElo "2276"]
[WhiteFideId "739049"]
[BlackFideId "4500512"]
[EventDate "2021.05.29"]

1. e4 c5 2. Nf3 d6 3. d4 cxd4 4. Nxd4 Nf6 5. Nc3 g6 6. Be3 Bg7 7. f3 O-O 8. Qd2
Nc6 9. Bc4 Nxd4 10. Bxd4 Qa5 11. O-O-O Be6 12. Bb3 Nd7 13. Bxg7 Kxg7 14. Kb1
Rfc8 15. h4 h5 16. g4 Rh8 17. g5 Rac8 18. f4 Bg4 19. Rdf1 Nc5 20. Qd4+ e5 21.
Qxd6 Nxb3 22. cxb3 Rhd8 23. Qf6+ Kg8 24. Nd5 Rxd5 25. exd5 Qxd5 26. Qxe5 Qd3+
27. Ka1 Be6 28. Rc1 Rd8 29. Qc3 Qa6 30. Rhd1 Re8 31. Re1 Rd8 32. Rcd1 Rc8 33.
Qd3 Qa5 34. Re5 Qb6 35. f5 gxf5 36. g6 fxg6 37. Rde1 Bf7 38. Re7 Qc5 39. a3 Qb6
40. Rxf7 Qa5 41. Rfe7 1-0

[Event "Women's Speed Chess Q2"]
[Site "chess.com INT"]
[Date "2021.05.29"]
[Round "9"]
[White "Mahalakshmi, M"]
[Black "Belenkaya, Dina"]
[Result "1-0"]
[WhiteTitle "WIM"]
[BlackTitle "WGM"]
[WhiteElo "2253"]
[BlackElo "2304"]
[WhiteFideId "5001080"]
[BlackFideId "24142654"]
[EventDate "2021.05.29"]

1. d4 d5 2. c4 dxc4 3. e3 Nf6 4. Bxc4 a6 5. a4 e6 6. Nf3 c5 7. O-O Nc6 8. Nc3
Bd6 9. dxc5 Bxc5 10. Qe2 Qc7 11. Rd1 O-O 12. Ng5 Ne5 13. Nge4 Bxe3 14. Nxf6+
gxf6 15. Qxe3 Nxc4 16. Qh6 Qe5 17. h3 Re8 18. Rd3 Kh8 19. Bf4 Qf5 20. Rg3 Rg8
21. Rxg8+ Kxg8 22. Rd1 Bd7 23. Rxd7 e5 24. Rxb7 exf4 25. Re7 Rd8 26. Ne4 Qg6 27.
Nxf6+ Kh8 28. Qxf4 Nd6 29. Ng4 Nf5 30. Re5 Rd1+ 31. Kh2 Rd8 32. Rxf5 Qc6 33.
Rxf7 Rg8 34. Qe5+ Qf6 35. Qxf6+ Rg7 36. Qxg7# 1-0

[Event "Women's Speed Chess Q2"]
[Site "chess.com INT"]
[Date "2021.05.29"]
[Round "9"]
[White "Antolak, Julia"]
[Black "Balabayeva, Xeniya"]
[Result "1/2-1/2"]
[WhiteTitle "WIM"]
[BlackTitle "WFM"]
[WhiteElo "2306"]
[BlackElo "2178"]
[WhiteFideId "1159569"]
[BlackFideId "13719688"]
[EventDate "2021.05.29"]

1. e4 c6 2. d4 d5 3. Nd2 dxe4 4. Nxe4 Nf6 5. Nxf6+ exf6 6. c3 Bd6 7. Bd3 O-O 8.
Qc2 h6 9. Ne2 Re8 10. O-O Nd7 11. h3 Nf8 12. Be3 Be6 13. b3 Qd7 14. Bf4 Rad8 15.
Bxd6 Qxd6 16. Rfe1 c5 17. Rad1 b6 18. Bf5 Qc7 19. dxc5 Rxd1 20. Rxd1 Bxf5 21.
Qxf5 Rxe2 22. cxb6 axb6 23. c4 Re6 24. Qd5 Ng6 25. b4 Nf4 26. Qd8+ Qxd8 27.
Rxd8+ Kh7 28. a4 Rc6 29. c5 bxc5 30. b5 Rb6 31. Rc8 Ne6 32. Kf1 Kg6 33. Ke2 Kf5
34. Kd3 Ke5 35. Kc4 Kd6 36. a5 Rb7 37. a6 Ra7 38. b6 Rxa6 39. b7 Ra4+ 40. Kc3
Rb4 41. b8=Q+ Rxb8 42. Rxb8 Nf4 43. g3 Nxh3 44. f4 Nf2 45. Kc4 Ne4 46. Rb6+ Ke7
47. Rb7+ Ke6 48. g4 Nf2 49. Kxc5 Nxg4 50. Kd4 h5 51. Ke4 f5+ 52. Kf3 h4 53. Rb6+
Ke7 54. Rb7+ Kf6 55. Rb6+ Ke7 56. Rb7+ Kf8 57. Rb8+ Ke7 58. Rb7+ 1/2-1/2

[Event "Women's Speed Chess Q2"]
[Site "chess.com INT"]
[Date "2021.05.29"]
[Round "9"]
[White "Pham, Le Thao Nguyen"]
[Black "Zawadzka, Jolanta"]
[Result "1-0"]
[WhiteTitle "IM"]
[BlackTitle "WGM"]
[WhiteElo "2369"]
[BlackElo "2399"]
[WhiteFideId "12401226"]
[BlackFideId "1122320"]
[EventDate "2021.05.29"]

1. d4 g6 2. Nf3 Nf6 3. g3 Bg7 4. Bg2 d6 5. O-O O-O 6. c4 Nc6 7. Nc3 Bg4 8. h3
Bxf3 9. Bxf3 e5 10. d5 Nd4 11. Bg2 Nd7 12. g4 f5 13. e3 fxg4 14. hxg4 Qh4 15.
exd4 exd4 16. Ne4 h6 17. f3 Rae8 18. Bd2 Ne5 19. Be1 Qd8 20. Rc1 c6 21. Bf2 c5
22. b3 h5 23. g5 Nf7 24. Bh4 Qd7 25. Qd2 Ne5 26. Nf6+ Bxf6 27. gxf6 Kf7 28. Rce1
Rg8 29. Bg5 Qf5 30. Kh2 h4 31. Qf4 h3 32. Bxh3 Nxf3+ 33. Rxf3 Qxf4+ 34. Rxf4
Rxe1 35. Be6+ Rxe6 36. dxe6+ Kxe6 37. Kg3 Re8 38. Re4+ Kf7 39. Rxe8 Kxe8 40. Kf4
Kf7 41. Ke4 Ke6 42. Bh4 a6 43. a4 b6 44. Bg5 a5 45. Bh4 Kf7 46. Kd5 d3 47. Bg5
d2 48. Bxd2 Kxf6 49. Kxd6 Kf5 50. Kc6 Ke4 51. Kxb6 Kd3 52. Bxa5 g5 53. Kxc5 g4
54. Bc7 g3 55. Bxg3 Kc3 1-0

[Event "Women's Speed Chess Q2"]
[Site "chess.com INT"]
[Date "2021.05.29"]
[Round "9"]
[White "Ziegenfuss, Antonia"]
[Black "Ribeiro, Regina"]
[Result "1-0"]
[WhiteTitle "WFM"]
[BlackTitle "WIM"]
[WhiteElo "2157"]
[BlackElo "1920"]
[WhiteFideId "12962554"]
[BlackFideId "2100681"]
[EventDate "2021.05.29"]

1. d4 Nf6 2. c4 d6 3. Nc3 e5 4. Bg5 exd4 5. Qxd4 Be7 6. g3 Nc6 7. Qd2 O-O 8. Bg2
Re8 9. Nf3 Be6 10. Nd5 Bxd5 11. cxd5 Nb8 12. Nh4 g6 13. Bxf6 Bxf6 14. Nf3 Nd7
15. O-O a5 16. Rae1 Nc5 17. Nd4 Qe7 18. e4 Qe5 19. Nb5 Re7 20. Re2 a4 21. f4 Qh5
22. Rfe1 Rae8 23. Nd4 Qh6 24. Qc2 Bxd4+ 25. Kh1 Qg7 26. b4 Nd7 27. a3 Bb6 28.
Bh3 f5 29. exf5 Rxe2 30. Rxe2 Rxe2 31. Qxe2 gxf5 32. Bxf5 Nf8 33. Qe8 Qf7 34.
Be6 Kg7 35. Qxf7+ Kh6 36. Qxf8+ Kh5 37. Qf5+ Kh6 38. Qg5# 1-0

[Event "Women's Speed Chess Q2"]
[Site "chess.com INT"]
[Date "2021.05.29"]
[Round "9"]
[White "Dworakowska, Joanna"]
[Black "Martynkova, Olena"]
[Result "0-1"]
[WhiteTitle "IM"]
[BlackTitle "WIM"]
[WhiteElo "2322"]
[BlackElo "2195"]
[WhiteFideId "1107445"]
[BlackFideId "14134039"]
[EventDate "2021.05.29"]

1. e4 e5 2. Nf3 Nc6 3. Bc4 Bc5 4. c3 Nf6 5. Qe2 d6 6. b4 Bb6 7. Bb3 O-O 8. d3 h6
9. Nbd2 a6 10. h3 d5 11. a3 Be6 12. Bc2 dxe4 13. dxe4 Nh5 14. Nxe5 Nxe5 15. Qxh5
Nd3+ 16. Bxd3 Qxd3 17. Qf3 Qc2 18. O-O Rad8 19. Qg3 Rxd2 20. Bxd2 Qxd2 21. Kh1
Rd8 22. f4 Rd3 23. Rf3 Qxc3 24. Raf1 Rxf3 25. gxf3 Bb3 26. f5 Bd4 27. Qg4 Bf6
28. Rg1 Qe3 29. Qg3 Kh7 30. Kh2 c6 31. Rg2 Bd1 32. Rf2 Bd4 33. Rf1 Be2 34. Re1
Qxf3 35. Qxf3 Bxf3 36. Kg3 Bh5 37. e5 Kg8 38. Kf4 Kf8 39. Ke4 Bb6 40. Rc1 Ke7
41. Rc2 Bd1 42. Rd2 Bb3 43. Kf4 Bd5 44. Re2 a5 45. Rb2 a4 46. Re2 Bd4 0-1

[Event "Women's Speed Chess Q2"]
[Site "chess.com INT"]
[Date "2021.05.29"]
[Round "9"]
[White "Assaubayeva, Bibisara"]
[Black "Vantika, Agrawal"]
[Result "0-1"]
[WhiteTitle "IM"]
[BlackTitle "WIM"]
[WhiteElo "2381"]
[BlackElo "2286"]
[WhiteFideId "13708694"]
[BlackFideId "25050389"]
[EventDate "2021.05.29"]

1. d4 Nf6 2. c4 g6 3. Nc3 Bg7 4. e4 d6 5. Be2 O-O 6. Be3 Nbd7 7. g4 c5 8. d5 b5
9. cxb5 a6 10. g5 Nh5 11. bxa6 Qa5 12. Bd2 Bxa6 13. Bxa6 Qxa6 14. Nge2 Ne5 15.
O-O f5 16. gxf6 Nf3+ 17. Kh1 Rxf6 18. Ng3 Qc8 19. Rg1 Nxg1 20. Qxg1 Nf4 21. e5
Rf8 22. exd6 exd6 23. Nce4 Qg4 24. Qd1 Qxd1+ 25. Rxd1 Nxd5 26. Bc1 Nb4 27. a3
Na2 28. Bg5 Rfb8 29. Nf6+ Kh8 30. Rxd6 h6 31. Be3 Rxb2 32. Bxc5 Rb1+ 33. Kg2 Nc3
34. Bd4 Nb5 35. Rb6 Nxd4 36. Rxb1 Bxf6 37. Ne4 Bg7 38. Rb7 Rxa3 39. Nd6 Ra8 40.
Nf7+ Kg8 41. Rd7 Rf8 42. Nxh6+ Bxh6 43. Rxd4 Bg7 44. Rd7 Kh7 45. Rd6 Kh6 46. f3
Rf5 47. Ra6 Be5 48. Ra7 Kg5 49. h3 Kf6 50. Ra6+ Kg5 51. Ra7 Bf4 52. Ra8 Rd5 53.
Ra2 Rd2+ 54. Rxd2 Bxd2 55. Kg3 Bf4+ 56. Kf2 Kh4 57. Kg2 g5 0-1

[Event "Women's Speed Chess Q2"]
[Site "chess.com INT"]
[Date "2021.05.29"]
[Round "9"]
[White "Soumya, Swaminathan"]
[Black "Kairbekova, Amina"]
[Result "0-1"]
[WhiteTitle "IM"]
[BlackTitle "WFM"]
[WhiteElo "2351"]
[BlackElo "2132"]
[WhiteFideId "5016193"]
[BlackFideId "13712799"]
[EventDate "2021.05.29"]

1. b3 Nf6 2. Bb2 g6 3. Nf3 Bg7 4. g3 O-O 5. Bg2 d6 6. d4 c5 7. c4 Nbd7 8. d5 Rb8
9. a4 Qc7 10. O-O e6 11. Nc3 exd5 12. cxd5 Nb6 13. Rb1 Bf5 14. a5 Nc8 15. Ra1
Ne7 16. Nh4 b6 17. Nxf5 Nxf5 18. a6 b5 19. Qd2 Nd4 20. Qd1 Rfe8 21. b4 Nf5 22.
e4 cxb4 23. Nxb5 Rxb5 24. exf5 Qb6 25. fxg6 hxg6 26. Qf3 Nxd5 27. Bxg7 Kxg7 28.
Rad1 Nf6 29. Qf4 b3 30. Rxd6 b2 31. Qxf6+ Kg8 32. Rxb6 Rxb6 33. Qf4 b1=Q 34.
Rxb1 Rxb1+ 35. Bf1 Ree1 36. Kg2 Rxf1 37. Qd4 Rg1+ 38. Kh3 Ra1 39. Qxa7 Rgb1 0-1

[Event "Women's Speed Chess Q2"]
[Site "chess.com INT"]
[Date "2021.05.29"]
[Round "9"]
[White "Frayna, Janelle Mae"]
[Black "Fernandez, Maria Florencia"]
[Result "1/2-1/2"]
[WhiteTitle "WGM"]
[BlackTitle "WIM"]
[WhiteElo "2179"]
[BlackElo "2229"]
[WhiteFideId "5212499"]
[BlackFideId "116459"]
[EventDate "2021.05.29"]

1. d4 Nf6 2. c4 g6 3. Nc3 Bg7 4. e4 d6 5. f4 O-O 6. Nf3 Na6 7. Bd3 e5 8. fxe5
dxe5 9. d5 c6 10. O-O Nc5 11. Bc2 cxd5 12. cxd5 a5 13. Kh1 h6 14. Be3 b6 15.
Nxe5 Nxd5 16. Nc6 Nxe3 17. Qxd8 Rxd8 18. Nxd8 Nxf1 19. Rxf1 Ba6 20. Rd1 Bf6 21.
Nc6 Bb7 22. e5 Bg5 23. Nd4 Rd8 24. Ndb5 Rxd1+ 25. Nxd1 Bf4 26. Nd6 Bxe5 27. Nxb7
Nxb7 28. Kg1 Bd4+ 29. Kf1 Kg7 30. g3 Kf6 31. Ke2 Nc5 32. b3 Ke5 33. Kf3 f5 34.
h3 g5 35. g4 f4 36. Bg6 Na6 37. a4 Nc5 38. Bf7 Nd3 39. Bc4 Ne1+ 40. Ke2 Nc2 41.
Bd3 Nb4 42. Bc4 Nd5 43. Kf3 Nb4 44. Ke2 Bc5 45. Nc3 Kd4 46. Nb5+ Ke4 47. Nc7 f3+
48. Kf1 Nc2 49. Nd5 Ne3+ 50. Nxe3 Bxe3 51. Bf7 Kf4 52. Bd5 Kg3 53. Bc6 Bd4 54.
Bd5 Be5 55. Bc6 Bd4 56. Bd5 f2 57. Bg2 Kf4 58. Bd5 Ke3 59. Kg2 Ke2 60. Bc4+ Ke1
61. Bf1 Be3 62. Bc4 Bd4 63. Bf1 Kd2 64. Bc4 Kc3 65. Kf1 Kd2 66. Bb5 Ke3 67. Bc4
Kf4 68. Bd5 Kg3 69. Bg2 Kh4 70. Ke2 Bc5 71. Kf3 h5 72. Bf1 hxg4+ 73. hxg4 Bd4
74. Bg2 Bc5 75. Bf1 Bd4 76. Ke4 Bc5 77. Kf3 1/2-1/2

[Event "Women's Speed Chess Q2"]
[Site "chess.com INT"]
[Date "2021.05.29"]
[Round "9"]
[White "Purtseladze, Maka"]
[Black "Doluhanova, Evgeniya"]
[Result "1-0"]
[WhiteTitle "IM"]
[BlackTitle "WGM"]
[WhiteElo "2274"]
[BlackElo "2207"]
[WhiteFideId "13602659"]
[BlackFideId "14112035"]
[EventDate "2021.05.29"]

1. b3 Nf6 2. Bb2 g6 3. Bxf6 exf6 4. c4 Bg7 5. Nc3 O-O 6. g3 f5 7. Bg2 c6 8. e3
d5 9. cxd5 cxd5 10. Nge2 Nc6 11. d4 Be6 12. Nf4 Ne7 13. O-O Rc8 14. Qd3 Qa5 15.
b4 Qxb4 16. Ncxd5 Nxd5 17. Nxd5 Qd6 18. Nf4 Bc4 19. Qd2 Bxf1 20. Rxf1 b6 21. Qd3
Rfd8 22. Qa6 Qc7 23. Nd5 Qd7 24. a4 Rc2 25. Nb4 Rb2 26. Nc6 Re8 27. Nxa7 Re6 28.
Nb5 h5 29. h4 Kh7 30. Rc1 Re8 31. Qxb6 Qe6 32. Qxe6 Rxe6 33. Nc7 Re7 34. a5 Ra2
35. a6 Rd7 36. Bb7 Bf8 37. Nb5 Bb4 38. Rb1 Bd2 39. Rd1 Bb4 40. Kg2 Be7 41. Kf3
Bd8 42. Rc1 Bb6 43. Bc6 Re7 44. Bb7 Rb2 45. Nd6 Ra2 46. Nc8 Re6 47. d5 Re4 48.
Nxb6 1-0

[Event "Women's Speed Chess Q2"]
[Site "chess.com INT"]
[Date "2021.05.29"]
[Round "9"]
[White "Rakshitta, Ravi"]
[Black "Kiran, Manisha Mohanty"]
[Result "0-1"]
[WhiteTitle "WIM"]
[BlackTitle "WGM"]
[WhiteElo "2190"]
[BlackElo "2168"]
[WhiteFideId "25073230"]
[BlackFideId "5019575"]
[EventDate "2021.05.29"]

1. e4 c5 2. Nf3 d6 3. d4 cxd4 4. Qxd4 Nf6 5. Nc3 a6 6. Bg5 Nc6 7. Qd2 e6 8.
O-O-O Be7 9. h4 h6 10. Be3 Bd7 11. Kb1 b5 12. Bd3 Na5 13. Rhg1 Ng4 14. Bf4 Rc8
15. Be2 b4 16. Nd5 exd5 17. exd5 O-O 18. Nd4 Qb6 19. f3 Nf6 20. g4 Nxd5 21. Bxh6
Nc3+ 22. Ka1 Nxd1 23. Bg5 Rfe8 24. Rxd1 Nc4 25. Qf4 Bf8 26. Nf5 Rxe2 27. h5 Bxf5
28. Qxf5 Rc5 29. Qd3 Rxg5 30. Qxe2 Qc5 31. Qd3 Ne3 32. Rc1 Rd5 33. Qe2 Re5 34.
h6 gxh6 35. Qd2 Bg7 36. Kb1 Re6 37. f4 Nc4 38. Qd3 Nxb2 39. Qb3 Nc4 40. f5 Na3+ 0-1

[Event "Women's Speed Chess Q2"]
[Site "chess.com INT"]
[Date "2021.05.29"]
[Round "9"]
[White "Sukandar, Irine Kharisma"]
[Black "Vaishali, R"]
[Result "0-1"]
[WhiteTitle "IM"]
[BlackTitle "WGM"]
[WhiteElo "2413"]
[BlackElo "2393"]
[WhiteFideId "7101937"]
[BlackFideId "5091756"]
[EventDate "2021.05.29"]

1. d4 d5 2. Bf4 Nf6 3. e3 e6 4. Nf3 Bd6 5. Ne5 O-O 6. Nd2 c5 7. c3 Qc7 8. Bd3
Nc6 9. Ndf3 h6 10. h3 Nd7 11. Nxd7 Bxd7 12. Bxd6 Qxd6 13. dxc5 Qxc5 14. e4 dxe4
15. Bxe4 Rad8 16. O-O e5 17. Qe2 f5 18. Bxc6 Bxc6 19. Qxe5 Rd5 20. Qe6+ Kh7 21.
Nd4 Rf6 22. Qe2 Rg6 23. f3 f4 24. Kh1 Rh5 25. Rae1 Bd7 26. Rf2 Qg5 27. Qe7 Bxh3
28. Qxg5 Bxg2+ 29. Kg1 Rhxg5 30. Ne6 Rg3 31. Nxf4 Bxf3+ 32. Kh2 R6g5 33. Nh3
R5g4 34. Re3 Rg2+ 35. Rxg2 Rxg2+ 36. Kh1 Bc6 37. Re6 Rg6+ 38. Rxc6 Rxc6 39. Kg2
Rb6 40. b3 Ra6 41. a4 Rc6 42. Nf4 Rxc3 43. Nd5 Rxb3 44. Kf2 Ra3 45. Ke2 Rxa4 46.
Kd3 Ra5 47. Nb4 Rb5 48. Kc4 Rxb4+ 49. Kxb4 h5 0-1

[Event "Women's Speed Chess Q2"]
[Site "chess.com INT"]
[Date "2021.05.29"]
[Round "9"]
[White "Daulyte-Cornette, Deimante"]
[Black "Berend, Elvira"]
[Result "1-0"]
[WhiteTitle "IM"]
[BlackTitle "WGM"]
[WhiteElo "2387"]
[BlackElo "2326"]
[WhiteFideId "12802859"]
[BlackFideId "4000510"]
[EventDate "2021.05.29"]

1. e4 e5 2. Bc4 Nf6 3. Nc3 c6 4. d4 exd4 5. Qxd4 d6 6. Bf4 b5 7. Bb3 a5 8. a4 c5
9. Qe3 c4 10. Ba2 b4 11. Nb5 Be6 12. Rd1 Ra6 13. Qd4 Nc6 14. Qe3 Nb8 15. Nf3 Be7
16. Nfd4 b3 17. cxb3 cxb3 18. Nxe6 fxe6 19. Bxb3 O-O 20. Bxe6+ Kh8 21. O-O Qb6
22. Qxb6 Rxb6 23. Bxd6 Bxd6 24. Rxd6 Rb7 25. f3 Re7 26. Rfd1 Rfe8 27. Bb3 Nbd7
28. Nd4 Nc5 29. Bc4 Ncxe4 30. fxe4 Nxe4 31. Re6 Nc5 32. Rxe7 Rxe7 33. Nc6 Re8
34. Nxa5 g6 35. Nc6 Nxa4 36. b3 Nc3 37. Rd8 Rxd8 38. Nxd8 Kg7 39. b4 Ne4 40. b5
Nd6 41. Bd3 Nc8 42. Nc6 Nb6 43. Kf2 Kf6 44. Ke3 Ke6 45. Kd4 Kd6 46. Ne5 Kc7 47.
Nc4 Nd7 48. b6+ 1-0

[Event "Women's Speed Chess Q2"]
[Site "chess.com INT"]
[Date "2021.05.29"]
[Round "9"]
[White "Kanyamarala, Trisha"]
[Black "Von Herman, Brigitte"]
[Result "1-0"]
[WhiteTitle "WIM"]
[BlackTitle "WFM"]
[WhiteElo "2180"]
[BlackElo "1991"]
[WhiteFideId "45004722"]
[BlackFideId "4628730"]
[EventDate "2021.05.29"]

1. e4 e5 2. Nf3 Nc6 3. Bc4 Nf6 4. d3 Bc5 5. O-O d6 6. c3 a6 7. a4 Ba7 8. Re1 h6
9. d4 Qe7 10. d5 Nb8 11. Be3 O-O 12. Nbd2 Nh5 13. h3 Qf6 14. Nh2 Nf4 15. Ng4 Qg6
16. Qf3 Bxg4 17. hxg4 Qf6 18. Bxf4 exf4 19. e5 dxe5 20. Ne4 Qd8 21. Rad1 Nd7 22.
d6 c6 23. Qh3 b5 24. axb5 axb5 25. Bb3 Nc5 26. Nxc5 Bxc5 27. Rxe5 Bxd6 28. Re4
Qf6 29. Red4 Bc5 30. Rd7 Rae8 31. Qh5 Qg5 32. Bxf7+ Kh8 33. Bxe8 Qf6 34. Qxc5 f3
35. R7d3 fxg2 36. Qe3 Qh4 37. Kxg2 Qxg4+ 38. Qg3 Qe4+ 39. Kh2 Qxe8 40. Rf3 Qh5+
41. Kg2 Re8 42. Rh1 Qd5 43. Rh4 Rf8 44. Rf4 Re8 45. Rf8+ 1-0

[Event "Women's Speed Chess Q2"]
[Site "chess.com INT"]
[Date "2021.05.29"]
[Round "9"]
[White "Li, Xueyi"]
[Black "Gaponenko, Inna"]
[Result "1-0"]
[WhiteTitle "WGM"]
[BlackTitle "IM"]
[WhiteElo "2328"]
[BlackElo "2357"]
[WhiteFideId "8605912"]
[BlackFideId "14101181"]
[EventDate "2021.05.29"]

1. d4 g6 2. g3 Bg7 3. Bg2 d5 4. Nf3 Nf6 5. c4 O-O 6. O-O dxc4 7. Na3 c5 8. Nxc4
cxd4 9. Nxd4 Qc7 10. Qb3 Nc6 11. Nxc6 bxc6 12. Bf4 Qb7 13. Qxb7 Bxb7 14. Na5 Ba6
15. Nxc6 Rae8 16. Nxa7 e5 17. Be3 Re6 18. Nc6 Bxe2 19. Rfe1 Bb5 20. Nb4 e4 21.
a4 Bd7 22. Red1 Rb8 23. Bc5 Bf8 24. Bxf8 Kxf8 25. Nd5 Nxd5 26. Rxd5 Bc6 27. Rd2
Re5 28. a5 Reb5 29. Rd6 Ba8 30. a6 Rxb2 31. a7 Rc8 32. Rd4 Re8 33. Bf1 Kg7 34.
Rd7 Kf6 35. Bc4 Rb7 36. Rd6+ Ke5 37. Rd5+ Kf6 38. Rdd1 Rc7 39. Ra6+ Kg7 40. Bb5
Ree7 41. Rda1 f5 42. Bf1 g5 43. Bg2 f4 44. gxf4 gxf4 45. R6a4 f3 46. Bf1 Kf6 47.
h3 Kg5 48. Kh2 Kf4 49. Ra6 1-0